〈Undertale〉アンダーテールのキャラクター - Statistics

General Stats
  • This quiz has been taken 236 times
  • The average score is 19 of 35
Answer Stats
キャラクター ヒント % Correct
サンズ(Sans) スケルトン(兄)
93%
フラウィ(Flowey) きいろいおはな
91%
キャラ(Chara) 落ちてきた最初のニンゲン
86%
トリエル(Toriel) バタースコッチシナモンパイ
86%
フリスク(Frisk) 主人公
85%
パピルス(Papyrus) スケルトン(弟)
82%
アンダイン(Undyne) (スシの ニオイがする。)
75%
アズゴア(Asgore) モンスターたちの王
74%
メタトン(Mettaton) 「OHHH!YESSS!!」
70%
アズリエル(Asriel) 「ボクだよ きみのしんゆう…」
69%
テミー/手ミー(Temmie) 「ホィ!ニンゲン!きゃわわ!」
69%
ナプスタブルーク(Napstablook) 「おばけだカラ…」
64%
フロギー(Froggit) 「ケロケロ」
63%
W.D. ガスター(W. D. Gaster) ⵜⵛ☹⚐✞⚃➫☞✞ⵛ❅⚀✎✞⚄ⵜ☞⚐☻☟
63%
アルフィー(Alphys) 王様直属の科学者
62%
イヌッス(Dogamy) 「なんか におうッス。」
57%
イヌッサ(Dogaressa) (ニオイのもとは どこサ?)
57%
マフェット(Muffet) 蜘蛛のリーダー
55%
うざいイヌ(Annoyingdog) TobyFox氏の代理キャラクター🐶
53%
モンスターの子(Monster kid) 2本足のよく転ぶ子供
53%
アマルガム(Amalgamates) しんじつのラボに閉じ込められている
51%
ぷんすかみゅうみゅう(MadMewMew) Switch版のみ
44%
ぷんすかマネキン(MadDummy) マネキンの中で生きるゴースト
41%
ゆきだるま(Snowman) 「ボクのゆめは せかいりょこう…」
40%
ゴッゴメン(So Sorry) 隠しキャラ:10月10日午後8時
39%
グリルビー(Grillby) バーのマスター🔥
37%
オニオンさん(Onionsan) 「おきにいりだお!」
34%
バガパン(Burgerpants) バーガーショップの表情豊かな店員
33%
グレータードッグ(Greater Dog) ゴツくて巨大な犬戦士
30%
ガーソン(Gerson) 売り手をしている年老いた亀
28%
ワンボー(Doggo) 「うごいてるもんしか みえんのよ」
25%
キャッティ(Catty) 路地裏でショップを開いている
22%
RG01 ロイヤル・ガードの二人組み
22%
RG02 ロイヤル・ガードの二人組み
22%
アリゲッティ(Bratty) 路地裏でショップを開いている
20%
No matching quizzes found
Score Distribution
Percent of People with Each Score
Percentile by Number Answered
Your Score History
You have not taken this quiz